| 000 | 00884nam a2200253 a 4500 | ||
|---|---|---|---|
| 001 | 55122 | ||
| 003 | BD-RjUL | ||
| 005 | 20211209080222.0 | ||
| 008 | 161114s1995 ii ||||| |||| 00| 0 ben d | ||
| 020 |
_a8170796083 _c: IRs.60.00 |
||
| 035 | _a(BD-RjUL)55244 | ||
| 040 |
_aBD-RjUL _bben _cBD-RjUL _dBD-RjUL |
||
| 041 | _aben | ||
| 082 |
_223 _a891.44108 _bGHK 1994 |
||
| 100 | 1 |
_aঘোষ, শঙ্খ _9127518 |
|
| 245 | 1 | 0 |
_aকবিতাসংগ্রহ / _cশঙ্খ ঘোষ, |
| 250 | _a৩য় সং . | ||
| 260 |
_aকলকাতা : _bদে'জ পাবলিশিং, _c১৯৯৪ (১৪০১) |
||
| 300 |
_a খণ্ড : _bচিত্র ; _c২১ সেমি. |
||
| 505 | 0 | _aখন্ড. ১ -- | |
| 650 |
_aবাংলা কবিতা _vসংগ্রহ _9145415 |
||
| 650 |
_aBengali Poetry _vCollections _9145416 |
||
| 942 |
_2ddc _cBK |
||
| 999 |
_c55122 _d55122 |
||